Parts of a Ship Click Quiz Stats

 Plays Quiz Updated Aug 5, 2013

Challenge
Share
Tweet
Embed
Score 0/26 Timer 07:00
5 Plays Today
% Correct
Porthole
89.3%
Crow's Nest
88.6%
Figurehead
88.2%
Mast
87.5%
Mainsail
87.2%
Sickbay
86.9%
Galley
86.5%
Rigging
85.3%
Aft (or Stern)
82.2%
Cabin
82%
Deck
80.6%
Starboard
79.9%
Port
79.9%
% Correct
Bow (Prow)
79.4%
Hull
78.6%
Rowlock
78%
Wardroom
75.6%
Bay (or Hold)
75.3%
Brig
74.4%
Tiller
72.1%
Keel
71.4%
Berth
71.1%
Gangway
68.1%
Amidships
66.9%
Helm
66.4%
Bridge
64.4%

You're not logged in!

Compare scores with friends on all Sporcle quizzes.
Join for Free
OR
Log In

You Might Also Like...

Show Comments

Extras

Top Quizzes Today


Score Distribution

Your Account Isn't Verified!

In order to create a playlist on Sporcle, you need to verify the email address you used during registration. Go to your Sporcle Settings to finish the process.

Report this User

Report this user for behavior that violates our Community Guidelines.

Details: